[Event "OPEN 2026"]
[Site "SAINT DENIS LA REUNION"]
[Date "2026.01.10"]
[Round "2.1"]
[Board "1"]
[White "Duprey, Francois-Xavier"]
[Black "Lutard, Florian"]
[Result "1-0"]
[WhiteElo "1709"]
[BlackElo "2067"]
[PlyCount "65"]
[GameId "2265041408385211"]
[EventDate "2026.??.??"]
[WhiteTeam "Cergy Philidor"]
[BlackTeam "Le Petit Cavalier"]

1. c4 e6 2. g3 d5 3. Bg2 d4 4. Nf3 Nc6 5. d3 Bc5 6. O-O Nge7 7. b3 O-O 8. Nbd2 f5 9. Nb1 e5 10. e3 Qd6 11. exd4 Nxd4 12. Nbd2 Nec6 13. Bb2 Nb4 14. Bxd4 Bxd4 15. Nxd4 Qxd4 16. Nf3 Qd6 17. d4 e4 18. c5 Qd5 19. Ne5 Nc6 20. Nxc6 bxc6 21. f3 Ba6 22. fxe4 fxe4 23. Re1 Rae8 24. Qd2 Qf5 25. Qe3 Bd3 26. Rad1 h5 27. Rd2 Qg4 28. Rf2 Rxf2 29. Qxf2 e3 30. Qf3 Qxd4 31. Qxc6 e2+ 32. Kh1 Be4 33. Qxe8+ 1-0

[Event "OPEN 2026"]
[Site "SAINT DENIS LA REUNION"]
[Date "2026.01.10"]
[Round "2.2"]
[Board "2"]
[White "Frelicot, Eric"]
[Black "Mezouaghi, Miloud"]
[Result "1/2-1/2"]
[WhiteElo "1709"]
[BlackElo "1955"]
[Annotator "thier"]
[PlyCount "116"]
[GameId "2265064854299000"]
[EventDate "2026.??.??"]
[WhiteTeam "Maison des Jeunes et de la Culture de St Benoit"]
[BlackTeam "Echiquier du Lagon - Ass Ecole du Lagon"]

1. d4 Nf6 2. Bf4 g6 3. e3 Bg7 4. Be2 d6 5. Nf3 Nbd7 6. c3 O-O 7. h3 Qe8 8. O-O e5 9. dxe5 Nxe5 10. Nxe5 dxe5 11. Bh2 Qe7 12. Na3 Rd8 13. Qb3 c6 14. Rad1 Be6 15. Bc4 Bxc4 16. Nxc4 Ne4 17. Rxd8+ Rxd8 18. Rd1 Rxd1+ 19. Qxd1 f6 20. Qe2 Bf8 21. f3 Ng5 22. Nd2 Nf7 23. g4 b5 24. h4 Qe6 25. b3 Bc5 26. Ne4 Be7 27. c4 bxc4 28. Qxc4 Qxc4 29. bxc4 f5 30. gxf5 gxf5 31. Ng3 Nh6 32. h5 Bc5 33. Nf1 f4 34. Kf2 Nf5 35. Ke2 Nxe3 36. Nd2 Bb4 37. Bg1 Bxd2 38. Kxd2 Kf7 39. Bxe3 fxe3+ 40. Kxe3 Kf6 41. Ke4 a6 42. h6 Ke6 43. a3 a5 44. a4 Kf6 45. f4 exf4 46. Kxf4 Kg6 47. c5 Kxh6 48. Ke5 Kg7 49. Kd6 h5 50. Kxc6 h4 51. Kd7 h3 52. c6 h2 53. c7 h1=Q 54. c8=Q Qd1+ 55. Ke6 (55. Kc6 Qxa4+) (55. Kc7) 55... Qxa4 56. Qc3+ Kg6 57. Kd5 Kf5 58. Qc4 Qxc4+ 1/2-1/2

[Event "OPEN 2026"]
[Site "SAINT DENIS LA REUNION"]
[Date "2026.01.10"]
[Round "2.3"]
[Board "3"]
[White "De Peindray D'Ambell, Philippe"]
[Black "Mansard, Gregoire"]
[Result "1-0"]
[WhiteElo "1942"]
[BlackElo "1651"]
[PlyCount "59"]
[GameId "2265047702946020"]
[EventDate "2026.??.??"]
[WhiteTeam "Club d'Echecs Labourdonnais"]
[BlackTeam "Club Echiquier du Nord"]

1. c4 c6 2. Nc3 d5 3. e3 Nf6 4. Nf3 Bf5 5. b3 e6 6. Be2 Be7 7. Bb2 O-O 8. Nh4 Bg6 9. O-O dxc4 10. Nxg6 hxg6 11. bxc4 Nbd7 12. Qc2 e5 13. Rfd1 Qc7 14. Bf3 Rfd8 15. a4 a5 16. g3 Nb6 17. Ne2 Rd7 18. d4 exd4 19. exd4 Bb4 20. Nf4 g5 21. Nd3 g4 22. Bg2 Bd6 23. c5 Re8 24. cxd6 Qxd6 25. Ne5 Rde7 26. Ba3 c5 27. Bxc5 Qc7 28. Qd2 Re6 29. Qxa5 Ra8 30. Bxb6 1-0

[Event "OPEN 2026"]
[Site "SAINT DENIS LA REUNION"]
[Date "2026.01.10"]
[Round "2.4"]
[Board "4"]
[White "Chavallard, Yanis"]
[Black "Gretry, Patrice"]
[Result "1-0"]
[WhiteElo "1663"]
[BlackElo "1913"]
[PlyCount "65"]
[GameId "2265034238754911"]
[EventDate "2026.??.??"]
[WhiteTeam "Echiquier du Lagon - Ass Ecole du Lagon"]
[BlackTeam "Reunion Echecs Nomades"]

1. c4 c5 2. g3 Nf6 3. Bg2 d5 4. cxd5 Nxd5 5. Nc3 Nc7 6. Nf3 Nc6 7. O-O e5 8. d3 Be7 9. Nd2 O-O 10. Nc4 f6 11. Bxc6 bxc6 12. Kh1 Bh3 13. Rg1 Qd7 14. f3 Be6 15. b3 Rfd8 16. Bb2 Nb5 17. Rc1 Bf5 18. g4 Bg6 19. Ne4 Rab8 20. Ne3 Bxe4 21. dxe4 Qe6 22. Qe1 Nd4 23. Nf5 Bf8 24. Qf2 g6 25. e3 Nxb3 26. axb3 Qxb3 27. Rc2 gxf5 28. gxf5+ Kh8 29. Qh4 Be7 30. Bxe5 Qf7 31. Bxb8 Rxb8 32. Rcg2 c4 33. Rg7 1-0

[Event "OPEN 2026"]
[Site "SAINT DENIS LA REUNION"]
[Date "2026.01.10"]
[Round "2.5"]
[Board "5"]
[White "Dujardin, Amaury"]
[Black "Minatchy, Rayan"]
[Result "1-0"]
[WhiteElo "1877"]
[BlackElo "1559"]
[PlyCount "111"]
[GameId "2265059855298895"]
[EventDate "2026.??.??"]
[WhiteTeam "Echiquier du Lagon - Ass Ecole du Lagon"]
[BlackTeam "Le Petit Cavalier"]

1. e4 c6 2. Nf3 d5 3. Nc3 dxe4 4. Nxe4 Nf6 5. Qe2 Nxe4 6. Qxe4 Nd7 7. Bc4 Nf6 8. Ne5 e6 9. Qe2 Bd6 10. d4 Qc7 11. O-O O-O 12. Bd3 b6 13. Bf4 Bb7 14. c4 c5 15. dxc5 Qxc5 16. a3 a5 17. b3 Rad8 18. Rfd1 Bc7 19. Bg3 h6 20. b4 axb4 21. axb4 Qe7 22. Ra7 Bxe5 23. Bxe5 Rd7 24. c5 bxc5 25. bxc5 Rfd8 26. Bd6 Rxd6 27. cxd6 Rxd6 28. Ba6 Rb6 29. Qc4 Bxa6 30. Rxa6 Rxa6 31. Qxa6 Nd5 32. Qd3 Qf6 33. h3 g6 34. Qd4 Kg7 35. g3 Qxd4 36. Rxd4 f5 37. Kg2 Kf6 38. Ra4 g5 39. Ra8 f4 40. Kf3 fxg3 41. fxg3 Kf5 42. Rh8 Kg6 43. Ke4 Kg7 44. Ra8 Kf6 45. Rf8+ Kg7 46. Rf3 Kg6 47. Ke5 Nc7 48. Kd6 Nb5+ 49. Ke5 Nc7 50. Rc3 Ne8 51. Kxe6 Ng7+ 52. Ke5 Kf7 53. Rc6 h5 54. Ra6 h4 55. g4 Ne8 56. Kf5 1-0

[Event "OPEN 2026"]
[Site "SAINT DENIS LA REUNION"]
[Date "2026.01.10"]
[Round "2.6"]
[Board "6"]
[White "Larroque, Leo"]
[Black "Larroque, Luca"]
[Result "0-1"]
[WhiteElo "1587"]
[BlackElo "1817"]
[PlyCount "58"]
[GameId "2265037005471891"]
[EventDate "2026.??.??"]
[WhiteTeam "Club Echiquier du Nord"]
[BlackTeam "Club Echiquier du Nord"]

1. c4 g6 2. Nf3 Bg7 3. Nc3 Nf6 4. e4 e5 5. d4 exd4 6. Nxd4 O-O 7. Be3 Re8 8. Bd3 c6 9. O-O d5 10. cxd5 cxd5 11. Bb5 Rf8 12. e5 Ng4 13. Nf3 Nxe3 14. fxe3 Be6 15. e4 dxe4 16. Qxd8 Rxd8 17. Nxe4 a6 18. Ba4 b5 19. Bc2 Nd7 20. b3 Nxe5 21. Rae1 Rac8 22. Bb1 Nxf3+ 23. Rxf3 Bf5 24. Ng5 Bxb1 25. Rxb1 Rd2 26. Rbf1 Rcc2 27. R3f2 Rxf2 28. Rxf2 Bd4 29. Ne4 Rc1# 0-1

[Event "OPEN 2026"]
[Site "SAINT DENIS LA REUNION"]
[Date "2026.01.10"]
[Round "2.7"]
[Board "7"]
[White "Tsang Chan Chung, Jean Edouard"]
[Black "Francou, Yvon-Johann"]
[Result "0-1"]
[WhiteElo "1556"]
[BlackElo "1795"]
[Annotator "thier"]
[PlyCount "85"]
[GameId "2265050152489202"]
[EventDate "2026.??.??"]
[WhiteTeam "Club Echiquier du Nord"]
[BlackTeam "Les Fous de Sin Dni"]

1. e4 d6 2. d4 Nf6 3. Nc3 e5 4. Bg5 Be7 5. dxe5 dxe5 6. Qxd8+ Bxd8 7. O-O-O c6 8. Bc4 O-O 9. Nge2 Nbd7 10. Kb1 b5 11. Bb3 b4 12. Na4 Nxe4 13. Be3 Be7 14. h4 Ndc5 15. Nxc5 Bxc5 16. Bxc5 Nxc5 17. Rd6 Bb7 18. Ng3 Nxb3 19. axb3 c5 20. f3 a5 21. Re1 f6 22. Ne4 Bxe4 23. Rxe4 Rfd8 24. Rxd8+ Rxd8 25. Kc1 Kf7 26. Rc4 Rd5 27. c3 Ke6 28. Kc2 Kd6 29. h5 f5 30. g3 g6 31. hxg6 hxg6 32. Rh4 Ke6 33. g4 Kf6 34. gxf5 gxf5 35. Rh6+ Kg5 36. Ra6 e4 37. fxe4 fxe4 38. Rxa5 e3 39. cxb4 e2 40. Ra1 Kf4 41. b5 Ke3 42. Rh1 Re5 (42... Rd3) (42... Rd6 43. Kc3 Rd1 44. Rh3+ Ke4 45. Rh4+ Ke5 46. Rh5+ Kd6 47. Rh6+ Kc7 48. b6+ Kb7 49. Rh7+ Kxb6 50. Re7 e1=Q+ 51. Rxe1 Rxe1 52. b4 Kb5 53. Kb3 c4+ 54. Ka2 Kxb4 55. b3 cxb3+ 56. Kb2 Re2+ 57. Kb1 Kc3) 43. Kc3 0-1

[Event "OPEN 2026"]
[Site "SAINT DENIS LA REUNION"]
[Date "2026.01.10"]
[Round "2.8"]
[Board "8"]
[White "Lambert Hoareau, Guillaume"]
[Black "Firoaguer, Baptiste"]
[Result "1-0"]
[WhiteElo "1778"]
[BlackElo "1541"]
[PlyCount "55"]
[GameId "2265026723057701"]
[EventDate "2026.??.??"]
[WhiteTeam "L'Echiquier de Saint Joseph"]
[BlackTeam "La Tour Saint Pierroise"]

1. e4 e5 2. Nf3 Nc6 3. Bc4 Be7 4. O-O Nf6 5. Nc3 O-O 6. d3 d6 7. a4 Bg4 8. h3 Be6 9. Nd5 Na5 10. Ba2 Nxd5 11. exd5 Bd7 12. b4 Bxa4 13. bxa5 Qd7 14. Bc4 Bf6 15. Rb1 c6 16. Bg5 Bxg5 17. Nxg5 Qe7 18. Ne4 cxd5 19. Bxd5 Rab8 20. Qe2 Rfc8 21. c4 Kh8 22. Qh5 f6 23. Ng3 Bc2 24. Nf5 Qd7 25. Nh4 Bxd3 26. Rbd1 Bc2 27. Rd2 Qa4 28. Rc1 1-0

[Event "OPEN 2026"]
[Site "SAINT DENIS LA REUNION"]
[Date "2026.01.10"]
[Round "2.9"]
[Board "9"]
[White "Hasnaoui, Ghannia"]
[Black "Desire, Michael"]
[Result "1-0"]
[WhiteElo "1399"]
[BlackElo "1777"]
[PlyCount "41"]
[GameId "2265018047000668"]
[EventDate "2026.??.??"]
[WhiteTeam "Club d'Echecs Labourdonnais"]
[BlackTeam "Jeu d'Echecs Dann Trois Bassins"]

1. d4 Nf6 2. c4 e5 3. d5 Bc5 4. e3 d6 5. Nf3 Bf5 6. Be2 Nbd7 7. O-O Ng4 8. h3 h5 9. Nbd2 Qf6 10. e4 Bg6 11. a3 a5 12. Qb3 Bb6 13. Qc3 Nc5 14. b4 axb4 15. axb4 Rxa1 16. Qxa1 Nxe4 17. Nxe4 Bxe4 18. Bg5 Qg6 19. Qa8+ Kd7 20. Qxh8 Nxf2 21. Qd8# 1-0

[Event "OPEN 2026"]
[Site "SAINT DENIS LA REUNION"]
[Date "2026.01.10"]
[Round "2.10"]
[Board "10"]
[White "Riviere, Thomas"]
[Black "Bah, Ismael"]
[Result "0-1"]
[WhiteElo "1299"]
[BlackElo "1751"]
[Annotator "thier"]
[PlyCount "58"]
[GameId "2265035045621869"]
[EventDate "2026.??.??"]
[WhiteTeam "Jeu d'Echecs Dann Trois Bassins"]
[BlackTeam "Cergy Philidor"]

1. e4 d5 2. exd5 Nf6 3. d4 Nxd5 4. Nf3 Bf5 5. Bd3 Bxd3 6. Qxd3 e6 7. Qb5+ Nd7 8. O-O N5b6 9. Re1 c6 10. Qb3 Be7 11. Nc3 O-O 12. Bf4 Nf6 13. Ne4 Nxe4 14. Rxe4 Qd5 15. Qd3 Bf6 16. Be5 Bxe5 17. Rxe5 Qd8 18. Rae1 Qf6 19. Ng5 Qg6 20. R1e4 Nd7 21. Ra5 b6 22. Ra4 Qxg5 23. f4 Qb5 24. Rc4 Qxb2 25. Re1 Qxa2 26. f5 exf5 27. Qxf5 Qxc4 28. Qxd7 Rfd8 29. Qc7 (29. Qe7 Qxd4+ 30. Re3 Re8 31. Qb7 Qxe3+ 32. Kf1 Qe2+ 33. Kg1) 29... Qxd4+ 0-1

[Event "OPEN 2026"]
[Site "SAINT DENIS LA REUNION"]
[Date "2026.01.10"]
[Round "2.11"]
[Board "11"]
[White "Ramsamy, Alexandre"]
[Black "Mungroo, Arvind"]
[Result "1-0"]
[WhiteElo "1961"]
[BlackElo "1438"]
[Annotator "thier"]
[PlyCount "16"]
[GameId "2265043582836937"]
[EventDate "2026.??.??"]
[WhiteTeam "Les Fous de Sin Dni"]

1. e4 c5 2. Nf3 e6 3. Nc3 a6 4. Be2 d6 5. O-O Nf6 6. d4 cxd4 7. Nxd4 (7. Qxd4 Be7 8. e5 dxe5 9. Qxd8+ Bxd8 10. Nxe5 O-O 11. Be3 Nbd7 12. Nc4 Bc7 13. Bf3 Rb8 14. Rad1 b5 15. Nd6 Bb6 16. Nxc8 Rfxc8 17. Bg5 b4 18. Na4 Rxc2 19. Nxb6 Nxb6 20. Bf4 Re8 21. Rd2 Rxd2 22. Bxd2 Nbd5 23. Rc1 h6 24. Rc6 Ra8 25. g4 Nh7 26. h4 g5 27. Bxd5 exd5 28. Bxb4 Kg7 29. Bc3+ Kg8 30. Rxh6 gxh4 31. Rxh4 Re8 32. Rh5 Re4 33. f3 Rf4 34. Rxd5 Rxf3 35. Rd8+ Nf8 36. Bb4 Rg3+ 37. Kf2 Rxg4 38. Bxf8 Kh8 39. Rd6 Rh4 40. Kg3 Rh1 41. Rxa6 Kg8 42. Be7 Rg1+ 43. Kf2 Rc1 44. b4) 7... Be7 8. e5 dxe5 1-0

[Event "OPEN 2026"]
[Site "SAINT DENIS LA REUNION"]
[Date "2026.01.10"]
[Round "2.12"]
[Board "12"]
[White "Dace, Jean Emeric"]
[Black "Antier, Gilbert"]
[Result "1/2-1/2"]
[WhiteElo "1799"]
[BlackElo "1507"]
[Annotator "thier"]
[PlyCount "40"]
[GameId "2265056057561384"]
[EventDate "2026.??.??"]
[WhiteTeam "Echiquier du Lagon - Ass Ecole du Lagon"]
[BlackTeam "La Tour Saint Pierroise"]

1. Nf3 d5 2. g3 Nf6 3. b3 Bg4 4. Bg2 e6 5. Bb2 Be7 6. O-O O-O 7. d3 c5 8. Nbd2 Nc6 9. Re1 Re8 10. e4 dxe4 11. Nxe4 Nxe4 12. Rxe4 Bh5 13. Qd2 Bf6 14. Qc1 Bg6 15. Re1 Rc8 16. Ne5 Nxe5 17. Bxe5 Bxe5 18. Rxe5 b6 19. Qa3 Qd4 20. Rae1 (20. Ree1 Re7 21. Qc1 h5 22. Qg5 Rd7 23. Rac1 Kh7 24. h3 a5 25. a4 f6 26. Qd2 e5 27. Qe2 Re7 28. Be4 Kh6 29. Qd2+ Kh7 30. c3 Qd7 31. Bxg6+ Kxg6 32. Kh2 Rd8 33. Rcd1 Kf7 34. Qe2 g6 35. Qe3 Kg7 36. d4 cxd4 37. cxd4 e4 38. d5 f5 39. Qxb6 Qa7 40. Qxa7 Rxa7 41. d6 Kf6 42. Rd5 Ke6 43. Red1 Ra6 44. d7 Ra7 45. Rd6+ Kf7 46. h4 Rb7 47. R1d5 Rxb3 48. Rxa5 Rb2 49. Kg1 Rb1+ 50. Kg2 Rb2 51. Kf1 Rb1+ 52. Ke2 Rb2+ 53. Ke3 Rb3+ 54. Kd4 Rf3 55. Ke5 Rxf2 56. Raa6 e3 57. Rf6+ Ke7 58. Rae6+ Kxd7 59. Rf7+ Kc8 60. Rc6+) 20... Re7 1/2-1/2

[Event "OPEN 2026"]
[Site "SAINT DENIS LA REUNION"]
[Date "2026.01.10"]
[Round "2.13"]
[Board "13"]
[White "Gomez, Antoine"]
[Black "Blancard, Romuald"]
[Result "0-1"]
[WhiteElo "1755"]
[BlackElo "1399"]
[PlyCount "56"]
[GameId "2265023576346744"]
[EventDate "2026.??.??"]
[WhiteTeam "Club Echiquier du Nord"]
[BlackTeam "La Tour Saint Pierroise"]

1. e4 e6 2. b3 d5 3. Bb2 Nf6 4. e5 Nfd7 5. f4 c5 6. Qg4 b6 7. Nc3 Ba6 8. Bxa6 Nxa6 9. Nb5 g6 10. O-O-O d4 11. Nh3 Nc7 12. Nd6+ Bxd6 13. exd6 Nf6 14. dxc7 Qxc7 15. Qf3 O-O 16. g4 a5 17. g5 Nh5 18. a4 b5 19. axb5 a4 20. bxa4 Rxa4 21. d3 Qb6 22. Qc6 Qa5 23. Qa6 Qb4 24. Qc6 Rfa8 25. Qxa8+ Rxa8 26. Bxd4 cxd4 27. c3 Qxc3+ 28. Kb1 Ra1# 0-1

[Event "OPEN 2026"]
[Site "SAINT DENIS LA REUNION"]
[Date "2026.01.10"]
[Round "2.14"]
[Board "14"]
[White "Frison, Jacques"]
[Black "Hoareau, Theo"]
[Result "1/2-1/2"]
[WhiteElo "1533"]
[BlackElo "1399"]
[Annotator "thier"]
[PlyCount "43"]
[GameId "2265061338091869"]
[EventDate "2026.??.??"]
[WhiteTeam "La Tour Saint Pierroise"]
[BlackTeam "Club Echiquier du Nord"]

1. e4 c6 2. d4 d5 3. Nc3 dxe4 4. Nxe4 Bf5 5. Ng3 Bg6 6. Nf3 e6 7. Ne5 Nd7 8. Nxg6 hxg6 9. c3 Bd6 10. Bd3 Ngf6 11. Bg5 Qc7 12. Qf3 O-O-O 13. O-O-O Qa5 14. Bxf6 Nxf6 15. Kb1 Rd7 16. Rhe1 (16. Rde1 Rhd8 17. Ne4 Nxe4 18. Bxe4 f5 19. Bc2 Re7 20. c4 e5 21. dxe5 Bxe5 22. Rd1 Red7 23. Rxd7 Rxd7 24. Rd1 Qb4 25. Qb3 Rxd1+ 26. Bxd1 Qd2 27. Qc2 Qe1 28. g3 Bd4 29. f4 Kd7 30. a3 a5 31. Qe2 Qg1 32. Ka2 a4 (32... Kd6 33. Ba4 Qf2 34. Qxf2 Bxf2 35. b4 axb4 36. axb4 Bg1 37. h3 g5 38. fxg5 Bf2 39. h4 Bxg3 40. h5 Bf4 41. g6 b6 42. Bc2 Ke5 43. Kb3 Bg5 44. Kc3 f4 45. Bd3 c5 46. bxc5 bxc5 47. Kd2 f3+ 48. Ke1 Kf4 49. Bf1 Kg3 50. Bd3 Be3 51. Kf1 Kg4 52. Be4 Kxh5 53. Bxf3+ Kxg6 54. Ke2 Bd4 55. Kd3 Kg5 56. Ke4 Kh4 57. Be2 Kg5 58. Kf3 Kf6 59. Kg4 g5 60. Bd3 Be3 61. Bf1) 33. Bxa4 Qf2 34. Qxf2 Bxf2 35. h3 (35. h4) (35. b4 Bg1 36. h3 g5 37. fxg5 Bf2 38. h4 Bxg3 39. h5 Bf4 40. g6 b6 41. Bc2 Ke6 42. Kb3 Bg5 43. Kc3 f4 44. Bd3 c5 45. bxc5 bxc5 46. Kd2 f3+ 47. Ke1 Ke5 48. Kf1 Kf4) 35... g5 36. fxg5) 16... Rhd8 17. Ne4 Nxe4 18. Bxe4 f5 19. Bc2 Re7 20. c4 e5 21. dxe5 Bxe5 22. Rd3 1/2-1/2

[Event "OPEN 2026"]
[Site "SAINT DENIS LA REUNION"]
[Date "2026.01.10"]
[Round "2.15"]
[Board "15"]
[White "Fleurie, Frederic"]
[Black "Ahounkeng-Deudin, Anae"]
[Result "1/2-1/2"]
[WhiteElo "1499"]
[BlackElo "1299"]
[PlyCount "66"]
[GameId "2265032985243729"]
[EventDate "2026.??.??"]
[WhiteTeam "Club Echiquier du Nord"]
[BlackTeam "Le Petit Cavalier"]

1. e4 e5 2. Nf3 Nc6 3. Bb5 Nf6 4. d3 h6 5. O-O Bc5 6. c3 Bb6 7. Re1 d6 8. d4 O-O 9. h3 Bd7 10. Na3 Re8 11. Nc4 a6 12. Nxb6 cxb6 13. Bc4 b5 14. Bb3 Bc8 15. a4 Rb8 16. axb5 axb5 17. Qd3 Qb6 18. Be3 exd4 19. cxd4 Bd7 20. d5 Nb4 21. Qd4 Qxd4 22. Bxd4 Rxe4 23. Rxe4 Nxe4 24. Ra7 Nf6 25. Bxf6 gxf6 26. Nd4 Nd3 27. Ra5 b6 28. Ra2 Nb4 29. Ra7 Be8 30. Kf1 Nd3 31. Ra2 Nb4 32. Ra7 Nd3 33. Ra2 Nb4 1/2-1/2

[Event "OPEN 2026"]
[Site "SAINT DENIS LA REUNION"]
[Date "2026.01.10"]
[Round "2.16"]
[Board "16"]
[White "Belin, Jahlanne"]
[Black "Leclerc, Lucas"]
[Result "0-1"]
[WhiteElo "1299"]
[BlackElo "1494"]
[Annotator "thier"]
[PlyCount "61"]
[GameId "2265037770727585"]
[EventDate "2026.??.??"]
[WhiteTeam "Le Petit Cavalier"]
[BlackTeam "La Tour Saint Pierroise"]

1. e4 e5 2. Nf3 Nc6 3. Bc4 Be7 4. Nc3 Nf6 5. d3 d6 6. Be3 O-O 7. O-O Bg4 8. Qe2 Nd4 9. Bxd4 exd4 10. Nd5 Nxd5 11. exd5 Bh4 12. Qe4 Bxf3 13. Qxf3 Rb8 14. Qe4 Qf6 15. c3 dxc3 16. bxc3 Rfe8 17. Qg4 Re5 18. d4 Rg5 19. Qxh4 Rxg2+ 20. Kxg2 Qxh4 21. Kg1 Re8 22. Bd3 Qg4+ 23. Kh1 Qf3+ 24. Kg1 Qxd3 25. Rad1 Qf3 26. Rde1 Kf8 27. Re3 Rxe3 28. fxe3 Qxe3+ 29. Kh1 Qe2 30. Rg1 (30. Kg1 h5 31. h4 Qg4+ 32. Kf2 g5 33. hxg5 h4 34. Rg1 Qf4+ 35. Ke2 h3 36. g6 Qe4+ 37. Kd2 Qg2+ 38. Rxg2 hxg2 39. g7+ Kxg7 40. Kd3 g1=Q 41. c4 Qe1 42. c5 f5 43. c6 b6 44. Kc4 f4 45. Kb5 Qa5+ 46. Kc4 f3 47. Kd3 Qxa2 (47... f2 48. Ke2 Qxa2+ 49. Kf1 Qd2 50. Kg2 Qe1 51. Kf3 f1=R+ 52. Kg4 Qe2+ 53. Kg5 Qg2+ 54. Kh4 Rh1#) 48. Ke3 f2) 30... h5 31. h4 0-1

[Event "OPEN 2026"]
[Site "SAINT DENIS LA REUNION"]
[Date "2026.01.10"]
[Round "2.17"]
[Board "17"]
[White "Khantalina, Ilariya"]
[Black "Boutin-Moreau, Mael"]
[Result "1-0"]
[WhiteElo "1488"]
[BlackElo "1299"]
[PlyCount "39"]
[GameId "2265036440440965"]
[EventDate "2026.??.??"]
[WhiteTeam "Club Echiquier du Nord"]
[BlackTeam "Club Echiquier du Nord"]

1. d4 Nf6 2. c4 g6 3. Nf3 Bg7 4. g3 c5 5. d5 O-O 6. Bg2 a6 7. a4 Ne4 8. O-O e6 9. Qc2 Nd6 10. e4 a5 11. Bf4 Qb6 12. Nbd2 Na6 13. Rab1 Nb4 14. Qb3 Qc7 15. Rbd1 b6 16. Nb1 Re8 17. dxe6 Rxe6 18. Ng5 Rf6 19. e5 Rxf4 20. exd6 1-0

[Event "OPEN 2026"]
[Site "SAINT DENIS LA REUNION"]
[Date "2026.01.10"]
[Round "2.18"]
[Board "18"]
[White "Jauze, Arthur"]
[Black "Lai-Cheung-Kit, Guillaume"]
[Result "0-1"]
[WhiteElo "1299"]
[BlackElo "1467"]
[PlyCount "94"]
[GameId "2265015758852158"]
[EventDate "2026.??.??"]
[WhiteTeam "Les Roys de l'Est"]
[BlackTeam "Club Echiquier du Nord"]

1. d4 Nf6 2. c4 g6 3. Nc3 d5 4. cxd5 Nxd5 5. e4 Nxc3 6. bxc3 Bg7 7. Nf3 c5 8. Bb5+ Bd7 9. Bxd7+ Qxd7 10. O-O Nc6 11. Bb2 cxd4 12. cxd4 Rd8 13. e5 O-O 14. Rc1 b6 15. Qc2 Rc8 16. Qa4 Nxe5 17. Qxd7 Nxd7 18. Rfe1 Rfe8 19. Rxc8 Rxc8 20. Rxe7 Rc2 21. Rxd7 Rxb2 22. g3 Rxa2 23. Ng5 b5 24. d5 b4 25. Rb7 Rd2 26. Rxb4 Rxd5 27. Rb8+ Bf8 28. Ne4 Kg7 29. Ra8 a5 30. Kf1 Rd1+ 31. Ke2 Ra1 32. Nc3 Bb4 33. Kd3 Ra3 34. Rc8 Kf6 35. Kd4 Bxc3+ 36. Rxc3 Rxc3 37. Kxc3 Kg5 38. f3 f5 39. Kb3 f4 40. Ka4 h5 41. Kxa5 fxg3 42. hxg3 h4 43. gxh4+ Kxh4 44. Kb4 Kg3 45. Kc3 Kxf3 46. Kd3 g5 47. Kd2 Kf2 0-1

[Event "OPEN 2026"]
[Site "SAINT DENIS LA REUNION"]
[Date "2026.01.10"]
[Round "2.19"]
[Board "19"]
[White "Bigot, Antoine"]
[Black "Maunier, Smita"]
[Result "1-0"]
[WhiteElo "1447"]
[BlackElo "1299"]
[PlyCount "59"]
[GameId "2265019207422058"]
[EventDate "2026.??.??"]
[WhiteTeam "Le Petit Cavalier"]
[BlackTeam "Echiquier du Lagon - Ass Ecole du Lagon"]

1. d4 d5 2. Nf3 Bf5 3. g3 e6 4. Bg2 Bb4+ 5. Bd2 Nf6 6. Bxb4 Nc6 7. Ba3 Na5 8. O-O Nc4 9. Nbd2 Nxa3 10. bxa3 O-O 11. Nh4 Bg4 12. Re1 Re8 13. c4 Qe7 14. Qb3 Rad8 15. cxd5 exd5 16. Nhf3 Be6 17. a4 Qd7 18. Ne5 Qe7 19. Qxb7 Rd6 20. Rab1 Rd7 21. Nxd7 Qxd7 22. Nb3 Rd8 23. Nc5 Qd6 24. Qxa7 Nd7 25. Nb7 Qe5 26. dxe5 Re8 27. Nc5 Nxc5 28. Rb8 Rxb8 29. Qxb8+ Bc8 30. Qxc8# 1-0

[Event "OPEN 2026"]
[Site "SAINT DENIS LA REUNION"]
[Date "2026.01.10"]
[Round "2.20"]
[Board "20"]
[White "Krafft, Alice"]
[Black "Outin, Inoa"]
[Result "1-0"]
[WhiteElo "1424"]
[BlackElo "1299"]
[Annotator "thier"]
[PlyCount "28"]
[GameId "2265052632740109"]
[EventDate "2026.??.??"]
[WhiteTeam "Club Echiquier du Nord"]
[BlackTeam "Echiquier du Lagon - Ass Ecole du Lagon"]

1. e4 e5 2. Nf3 Nc6 3. c3 Nf6 4. d4 Bd6 5. d5 Ne7 6. Bd3 Ng6 7. O-O O-O 8. c4 Bc5 9. Nc3 d6 10. Na4 b5 (10... b6 11. Nxc5 bxc5 12. Bc2 Bg4 13. h3 Bxf3 14. Qxf3 Nh4 15. Qg3 Ng6 16. Bg5 h6 17. Bd2 Nh5 18. Qh2 Qf6 19. g3 Qd8 20. f4 exf4 21. gxf4 Ne7 22. Rf2 (22. Rf3 Nf6 23. Bc3 Nc8 24. Qg3 g6 25. e5 dxe5 26. fxe5 Nd7 27. Bxg6 Qg5 28. Be4 Ne7 29. Qxg5+ hxg5 30. d6 Ng6 31. Bxa8 Rxa8 32. Re1 Nf4 33. Kh2 cxd6 34. exd6 Rc8 35. Re7 Rd8 36. Ba5 Nb6 37. Bxb6 axb6 38. d7 Ng6 39. Re8+ Rxe8 40. dxe8=Q+) 22... Nf6 23. Bc3 Nc8 24. Qg3 g6 25. e5 dxe5 26. fxe5 Nd7 27. Bxg6 Qg5) 11. Nxc5 bxc4 12. Bc2 Bg4 13. h3 Bxf3 14. Qxf3 Nh4 1-0

[Event "OPEN 2026"]
[Site "SAINT DENIS LA REUNION"]
[Date "2026.01.10"]
[Round "2.21"]
[Board "21"]
[White "Maunier, Theo"]
[Black "Hoareau, Cassandre"]
[Result "0-1"]
[WhiteElo "1299"]
[BlackElo "1422"]
[PlyCount "30"]
[GameId "2265028072874051"]
[EventDate "2026.??.??"]
[WhiteTeam "Echiquier du Lagon - Ass Ecole du Lagon"]
[BlackTeam "Le Petit Cavalier"]

1. e4 e5 2. Nf3 Nc6 3. Bc4 Bc5 4. d3 Nf6 5. c3 O-O 6. O-O d6 7. Re1 Bg4 8. h3 Bh5 9. b4 Bb6 10. a4 a6 11. Nbd2 d5 12. exd5 Nxd5 13. Bb2 Nf4 14. Nb3 Qf6 15. Qe2 Nxe2+ 0-1

[Event "OPEN 2026"]
[Site "SAINT DENIS LA REUNION"]
[Date "2026.01.10"]
[Round "1.1"]
[Board "1"]
[White "Lutard, Florian"]
[Black "Frison, Jacques"]
[Result "1-0"]
[WhiteElo "2067"]
[BlackElo "1533"]
[Annotator "thier"]
[PlyCount "48"]
[GameId "2264772677742844"]
[EventDate "2026.??.??"]
[WhiteTeam "Le Petit Cavalier"]
[BlackTeam "La Tour Saint Pierroise"]

{[%evp 0,15,22,28,39,66,88,49,59,56,63,20,24,0,0,-5,-5,-5]} 1. e4 c5 2. Nf3 d6 3. Bb5+ Nc6 4. O-O e5 5. c3 a6 6. Ba4 b5 7. Bc2 Nf6 8. a4 Bg4 9. Qe2 Rb8 10. Na3 Na7 11. h3 Bh5 12. d4 Qc7 13. dxe5 dxe5 14. axb5 axb5 15. Nxb5 Nxb5 16. Ba4 c4 17. Bxb5+ Rxb5 18. Ra8+ Rb8 19. Rxb8+ Qxb8 20. Qxc4 Bd6 21. Qc6+ Nd7 22. Rd1 Qd8 23. g4 Bxg4 24. hxg4 f6 1-0

[Event "OPEN 2026"]
[Site "SAINT DENIS LA REUNION"]
[Date "2026.01.10"]
[Round "1.2"]
[Board "2"]
[White "Antier, Gilbert"]
[Black "Ramsamy, Alexandre"]
[Result "1/2-1/2"]
[WhiteElo "1507"]
[BlackElo "1961"]
[PlyCount "46"]
[GameId "2264770931556576"]
[EventDate "2026.??.??"]
[WhiteTeam "La Tour Saint Pierroise"]
[BlackTeam "Les Fous de Sin Dni"]

1. e4 c5 2. Nf3 Nc6 3. Bb5 d6 4. d4 cxd4 5. Nxd4 Bd7 6. O-O Nxd4 7. Bxd7+ Qxd7 8. Qxd4 e5 9. Qd3 Nf6 10. Nc3 Be7 11. Bg5 h6 12. Bxf6 gxf6 13. Qb5 O-O-O 14. Qc4+ Kb8 15. Qxf7 Rdf8 16. Qh5 f5 17. f4 exf4 18. Rxf4 Bg5 19. Rff1 fxe4 20. Nxe4 Rxf1+ 21. Rxf1 Qb5 22. Nxg5 Qc5+ 23. Kh1 Qe5 1/2-1/2